000 00291nam a22001337a 4500
008 181022b xxu||||| |||| 00| 0 eng d
020 _a9781111297923
041 _aeng
080 _a572
100 _a24
101 _aANT
245 _aCultural Anthropology
_cFerraro, G
942 _2udc
_cBK
999 _c50525
_d50525